000 00648nam a22001695i 4500
001 157491
003 ES-MaACL
005 20230906210716.0
008 040810s1888 fr |||| | fre d
040 _aCAM
_bspa
_cCAM
100 1 _aLemaitre, Jules.
_971458
245 1 0 _aCorneille et la poétique d'Aristote /
_cJules Lemaitre.
260 _aParis :
_bLibrairie H. Lecène et H. Oudin,
_c1888 (
_eSceaux :
_fImprimerie Charaire et fils)
300 _a84 p. ;
_c18 cm.
600 1 4 _aCorneille, Pierre-
_xCrítica e interpretación.
_940603
852 _aES-MaACL
_jT-1426-F-3
_z-- Enc. hol. conservando la cub. original
_z-- Enc. en un vol. facticio
999 _c157491
_d157491